Design of high strength concrete mixes (Record no. 551040)

000 -LEADER
fixed length control field 00361nam a22001337a 4500
082 ## - DEWEY DECIMAL CLASSIFICATION NUMBER
Classification number P177
100 ## - MAIN ENTRY--PERSONAL NAME
Personal name Shahid Iqbal.
9 (RLIN) 47976
245 ## - TITLE STATEMENT
Title Design of high strength concrete mixes
Remainder of title Shahid Iqbal, Zahid CH.
260 ## - PUBLICATION, DISTRIBUTION, ETC.
Place of publication, distribution, etc. MCE
Date of publication, distribution, etc. 2001
526 ## - STUDY PROGRAM INFORMATION NOTE
Program name 0
Interest level 0
Reading level 0
Title point value P_000000000000000_177
650 ## - SUBJECT ADDED ENTRY--TOPICAL TERM
Topical term or geographic name entry element Project
700 ## - ADDED ENTRY--PERSONAL NAME
Personal name Muhammad Qaqeer Butt.
9 (RLIN) 47977
942 ## - ADDED ENTRY ELEMENTS (KOHA)
Source of classification or shelving scheme
Koha item type Book
Holdings
Withdrawn status Lost status Source of classification or shelving scheme Damaged status Not for loan Permanent Location Current Location Date acquired Total Checkouts Full call number Barcode Date last seen Date last checked out Price effective from Koha item type Public note
          Military College of Engineering (MCE) Military College of Engineering (MCE) 12/02/2014 1 P177 MCE-P-177 03/26/2015 03/26/2015 03/14/2021 Book Project
© 2023 Central Library, National University of Sciences and Technology. All Rights Reserved.